Plots Explained Badly " Guess That Movie" - Statistics

General Stats
  • This quiz has been taken 1,233 times
  • The average score is 5 of 15
Answer Stats
Hint Answer % Correct
Noseless man has unhealthy obsession with teenage boy. Harry Potter
78%
Discarded pets learn martial arts in the sewer. Teenage Mutant Ninja Turtles
72%
Group of friends travel for 9 hours to return jewelry. Lord of the Rings
50%
Everyone involuntarily tries the ice bucket challenge. Titanic
44%
Drug addicted girl takes advantage of mentally challenged boy for three decades. Forrest Gump
37%
Talking frog convinces man to kill father. Star Wars
37%
Introverted billionaire spends millions to beat the disabled. Batman
26%
Teenage girl tries acid for the first time. Alice in Wonderland
25%
Prince blames uncle for traffic accident. The Lion King
17%
Two guys explore caves in the mountain. Broke Back Mountain
16%
Handicapped cop interrupts board meeting. Robocop
14%
Animal dies. Ammunition sales skyrocket! John Wick
12%
Minimalist alien searches for half off. The Avengers: Infinity War
11%
Mans hatred for immigrants drives him into human trafficking. Shrek
9%
A group of friends decide to spend less time online. The Matrix
5%
No matching quizzes found
Score Distribution
Percent of People with Each Score
Percentile by Number Answered
Your Score History
You have not taken this quiz